Logistika - nástroj riadenia podniku v turbulentnom prostredí

Základné atribúty logistického prístupu v modernom podnikaní. Začlenenie logistickej stratégie do rámca podnikovej stratégie. Vzťah medzi podnikovou stratégiou a stratégiou jeho logistického systému. Stupňovanie zmien v logistickom manažmente. Projektovanie podnikovej logistiky. Synchronizácia inf...

Descrizione completa

Salvato in:
Dettagli Bibliografici
Autore principale: Dupaľ, Andrej
Natura: Capitolo di libro
Lingua:slovacco
Soggetti:
Tags: Aggiungi Tag
Nessun Tag, puoi essere il primo ad aggiungerne!!

MARC

LEADER 00000naa$a2200000$$$4500
001 0008762
005 20240502071354.2
041 0 |a slo 
044 |a SK 
245 1 0 |a Logistika - nástroj riadenia podniku v turbulentnom prostredí  |c aut. Andrej Dupaľ 
520 |a Základné atribúty logistického prístupu v modernom podnikaní. Začlenenie logistickej stratégie do rámca podnikovej stratégie. Vzťah medzi podnikovou stratégiou a stratégiou jeho logistického systému. Stupňovanie zmien v logistickom manažmente. Projektovanie podnikovej logistiky. Synchronizácia informačných tokov v logistike. Outsourcing logistiky. 
610 2 0 |a logistika 
610 2 0 |a riadenie podnikové 
610 2 0 |a stratégia logistická 
610 2 0 |a stratégia podniková 
610 2 0 |a manažment 
610 2 0 |a outsourcing 
610 2 0 |a podnikanie 
610 2 0 |a znižovanie nákladov 
100 1 |a Dupaľ, Andrej